| 000 | 01288nam a2200361Ia 4500 | ||
|---|---|---|---|
| 003 | GCL | ||
| 008 | 140319s9999 xx 000 0 ara d | ||
| 040 |
_aGCL / _cGCL |
||
| 082 | 0 | 4 |
_aق _b962.02 _bم ت |
| 100 | 1 | _aمكى الطيب شبيكة | |
| 245 | 1 | 0 |
_aتاريخ شعوب وادى النيل: مصر والسودان / _cمكى الطيب شبيكة |
| 260 |
_a[S.N] : _bدار الثقافة العربية ، _c1980 |
||
| 300 | _a790 ص | ||
| 490 | _a | ||
| 650 | 0 | 4 | _aالعصر الحديث |
| 650 | 0 | 4 | _aمصر |
| 650 | 0 | 4 | _aتاريخ |
| 650 | 0 | 4 | _aالاحوال الاجتماعية |
| 650 | 0 | 4 | _aالاحوال السياسية |
| 650 | 0 | 4 | _aالسودان |
| 650 | 0 | 4 | _aالاحوال الاقتصادية |
| 650 | 0 | 4 | _aالمقاومة الشعبية |
| 650 | 0 | 4 | _aالعلاقات السياسية |
| 650 | 0 | 4 | _aعباس حلمى الثانى 1914-1892 |
| 650 | 0 | 4 | _aالجيش المصرى |
| 650 | 0 | 4 | _aعباس حلمى الاول 1853-1849 |
| 650 | 0 | 4 | _aالخديوى سعيد |
| 650 | 0 | 4 | _aالخديوى توفيق (1879 - 1892) |
| 650 | 0 | 4 | _aالاحتلال البريطانى |
| 650 | 0 | 4 | _aتجارة الرقيق |
| 650 | 0 | 4 | _aمصر - تاريخ - العصر الحديث - الثورة العرابية |
| 942 |
_2ddc _cBK |
||
| 999 |
_c52391 _d52391 |
||